000 00970nam a2200277 i 4500
003 OSt
005 20241014165141.0
008 241014t20222022ctuao||g |||| 001 0 eng d
020 _a9781493067053
_cRM175.50
_qpaperback
040 _aPPAK
_beng
_cPPAK
_erda
082 0 4 _223
_a617.10262
090 0 0 _a617.10262
_bTIL
_dR
100 1 _aTilton, Buck,
_eauthor.
245 0 0 _aWilderness First Responder :
_bHow to Recognize, Treat, and Prevent Emergencies in the Backcountry /
_cBuck Tilton, MS, MA.
250 _aFourth Edition.
264 1 _aEssex, Connecticut :
_bFalconGuides ,
_c2022
264 4 _c©2022
300 _axi, 298 pages :
_billustrations, photographs ;
_c28 cm
336 _atext
_2rdacontent
337 _aunmediated
_2rdamedia
338 _avolume
_2rdacarrier
520 _aIncludes bibliographies (pages 285-286) and index.
650 1 0 _aEmergency management.
650 2 0 _aFirst aid in illness and injury.
942 _2ddc
_cB
999 _c197162
_d197162